¿Cómo hacer eficaces los mapas conceptuales en la instrucción? /

Para conocer bajo qué condiciones son más efectivos los mapas conceptuales, se realizo el presente estudio con 270 alumnos de bachillerato, que, antes de la exposición didáctica elaboraban un mapa o era el profesor quien lo presentaba. En el primer caso los contenidos podían ser académicos o experie...

Full description

Bibliographic Details
Main Author: Hernández, Pedro
Other Authors: Serio, Angelo
Format: Analitica de revista
Language:Spanish

MARC

LEADER 00000cab a2200000 a 4500
001 034654
003 UAHC_CL
005 20180724172610.0
008 040622b xx j 000 1 spa
952 |0 0  |1 0  |2 ddc  |4 0  |6 INFANC___APRENDIZAJE2702_04_000000000000000  |7 0  |8 COMP  |9 65999  |a BC  |b BC  |c General  |d 2017-08-03  |l 0  |o INFANC. APRENDIZAJE-27(02)/04  |r 2018-01-23 00:00:00  |w 2017-08-03  |y REVA 
999 |c 34654  |d 34654 
040 |a UAHC_CL  |c UAHC_CL  |d UAHC_CL 
100 1 |a Hernández, Pedro 
245 1 0 |a ¿Cómo hacer eficaces los mapas conceptuales en la instrucción? /  |c Pedro Hernández , Angelo Serio. 
300 |a pp. 247-265 
500 |a Infancia y aprendizaje (España) 2004 vol.27 (1). pp.247-266 
520 |a Para conocer bajo qué condiciones son más efectivos los mapas conceptuales, se realizo el presente estudio con 270 alumnos de bachillerato, que, antes de la exposición didáctica elaboraban un mapa o era el profesor quien lo presentaba. En el primer caso los contenidos podían ser académicos o experienciales. A su vez, estas modalidades fueron combinadas con distintas estrategias instruccionales. Los principales resultados resaltan el valor de los mapas conceptuales como organizadores previos, especialmente cuando son presentados por el profesor, acompañados de una actividad de confrontación con el tema por los alumnos, o cuando estos elaboran los mapas y es el profesor el que los conecta con el tema objetivo de enseñanza. 
700 1 |a Serio, Angelo 
773 0 |t Infancia y aprendizaje : journal of study of education and development.  |w 034546 
900 |a INFANC. APRENDIZAJE-27(02)/04 
942 |c REVA  |2 ddc